000 00581nam a2200193Ia 4500
008 151119s9999||||xx |||||||||||||| ||und||
082 _a928.9146
082 _bGKKV1633
100 _aभावे पु भा
245 _aप्रथम पुरुषी एकवचनी
260 _a--
260 _b--
260 _c1983
600 _aभावे पु भा
630 _aप्रथम पुरुषी एकवचनी
700 _aभावे पु भा
730 _aप्रथम पुरुषी एकवचनी
942 _cBOOK
999 _c1057924
_d1057921